000 00600cam a22002053a 4500
001 41323
003 PGUSA
005 20140828083930.0
008 121108s2012||||xxu|||||s|||||000 | eng d
040 _aPGUSA
_beng
042 _adc
100 1 _aFittis, Robert Scott
245 1 4 _aThe Mosstrooper :
_bA Legend of the Scottish Border
_h[electronic resource] /
_cRobert Scott Fittis
260 _bProject Gutenberg,
_c2012
506 _aPublic domain in the USA.
516 _aElectronic text
830 0 _aProject Gutenberg
_v41323
856 4 0 _uhttp://www.gutenberg.org/ebooks/41323
942 _cEB
999 _c270575
_d270575